Statistics for Countries with a Straight Shot from the United States

Click here to take the quiz!

General Stats

  • This quiz has been taken 56 times
    (29 since last reset)
  • The average score is 54 of 73

Answer Stats

Answer% Correct
Canada
100%
China
100%
United Kingdom
100%
Japan
96%
Portugal
96%
Russia
96%
Spain
96%
France
92%
Mexico
92%
Ireland
88%
Australia
83%
Brazil
83%
Cuba
83%
Dominican Republic
83%
Morocco
83%
Colombia
79%
Dominica
79%
Guinea
79%
Haiti
79%
Indonesia
79%
New Zealand
79%
Samoa
79%
Senegal
79%
Venezuela
79%
Angola
75%
Bahamas
75%
Costa Rica
75%
Grenada
75%
Guinea-Bissau
75%
Kiribati
75%
Marshall Islands
75%
Nicaragua
75%
Panama
75%
Saint Kitts and Nevis
75%
Tonga
75%
Antigua and Barbuda
71%
Guatemala
71%
Honduras
71%
Liberia
71%
Mauritania
71%
Norway
71%
Saint Lucia
71%
Saint Vincent and the Grenadines
71%
Sierra Leone
71%
Solomon Islands
71%
Taiwan
71%
Trinidad and Tobago
71%
Vanuatu
71%
Barbados
67%
Belize
67%
Federated States of Micronesia
67%
Fiji
67%
Malaysia
67%
Namibia
67%
Nauru
67%
Palau
67%
Papua New Guinea
67%
Philippines
67%
South Africa
67%
Tuvalu
67%
Vietnam
67%
Chile
63%
El Salvador
63%
Guyana
63%
Jamaica
63%
Peru
63%
Cape Verde
58%
Democratic Republic of the Congo
58%
Suriname
58%
Belgium
46%
Ecuador
46%
Netherlands
46%
Algeria
42%

Score Distribution

Percentile by Number Answered

Percent of People with Each Score

Your Score History

You have not taken this quiz since the last reset